000 00857cpcaa2200265 4500
001 mm 79000152
003 DLC
005 20260227111628.0
008 790111|||||||||||| eng
010 _amm 79000152
040 _aDLC
_cDLC
_edacs
_dDLC
072 7 _aL
_2lcmd
100 1 _aBeard, Richard,
_d1799-1880.
245 0 0 _aRichard Beard report,
_f1875.
300 _a1
_fitem.
506 0 _aOpen to research.
533 _aTypewritten transcript.
_b[S.l.].
545 0 _aClergyman and educator.
546 _aCollection material in English.
580 _aForms part of: Miscellaneous Manuscripts collection.
656 7 _aClergy.
_2itoamc
656 7 _aEducators.
_2itoamc
999 _c40152
_d40152